Produktivita ľudského kapitálu

Potenciál a efektívne využitie vysokokvalifikovaného ľudského kapitálu. Ukazovatele vysokokvalifikovaného ľudského kapitálu. Index ľudského kapitálu v členských štátoch Európskej únie. Produktivita vysokokvalifikovaného ľudského kapitálu.

Salvato in:
Dettagli Bibliografici
Autore principale: Tokarčíková, Emese
Natura: Capitolo di libro
Lingua:slovacco
Soggetti:
Tags: Aggiungi Tag
Nessun Tag, puoi essere il primo ad aggiungerne!!

MARC

LEADER 00000nla$a2200000$$$4500
001 0134039
005 20221019105245.8
041 0 |a slo 
044 |a CZ 
245 1 0 |a Produktivita ľudského kapitálu  |c Emese Tokarčíková 
520 |a Potenciál a efektívne využitie vysokokvalifikovaného ľudského kapitálu. Ukazovatele vysokokvalifikovaného ľudského kapitálu. Index ľudského kapitálu v členských štátoch Európskej únie. Produktivita vysokokvalifikovaného ľudského kapitálu. 
610 2 0 |a kapitál ľudský 
610 2 0 |a sily pracovné 
610 2 0 |a zdroje ľudské 
610 2 0 |a kvalifikácia 
610 2 0 |a vzdelanie vysokoškolské 
610 2 0 |a indexy 
610 2 0 |a produktivita 
610 2 0 |a Európska únia 
100 1 |a Tokarčíková, Emese